000 00906nam a2200277Ia 4500
003 OSt
005 20221006153359.0
006 a|||||r|||| 00| 0
007 ta
008 221006b |||||||| |||| 00| 0 eng d
020 _a9780195131659
_c¥7,780
024 _a32,173
037 _bGift, Japan Foundation
_cTextual
040 _aEASL
_cEASL
_beng
041 _2eng
_aeng
082 _aX8(A):81.42.N93, P1
100 _aMORIKAWA Hidemasa
245 0 _aHistory of top management in Japan
_b Managerial enterprises and family enterprises
260 _aOxford
_bOxford University Press
_c2001
300 _a226p.
_ccm.
490 _v JEL
650 _a Family-owned business enterprises-Japan-History
_9663647
650 _aExecutives-Japan-History
_9663648
942 _hX8(A):81.42.N93, P1
_cTEXL
_2CC
999 _c1100259
_d1100259